000 00490nam a2200193Ia 4500
003 GCL
005 20240530103854.0
008 140319s9999 xx 000 0 ara d
040 _aGCL /
_cGCL
082 0 4 _a813.03
_bن ب
100 0 _aنجيب محفوظ,
_d1911-2006
_94
245 1 0 _aبين القصرين
300 _a477
490 _aكتاب
_v0
650 0 4 _aالادب العربى
650 0 4 _aالقصة العربية
650 0 4 _aنجيب محفوظ
942 _2ddc
_cBK
999 _c43127
_d43127